000
00236nam a2200097Ia 4500
001
807946
005
20250826171241.0
008
250824s9999 xx 000 0 und d
245
0
_a
VALİDE SULTAN
_c
ERDEM ANILAN
260
_b
DESTEK YAYINLARI
999
_c
807946
_d
807946